Statistics for Bones of the Wrist

Click here to take the quiz!

General Stats

  • This quiz has been taken 46 times
  • The average score is 6 of 8

Answer Stats

HintAnswer% Correct
ToyTrapezoid
85%
SamScaphoid
77%
PushPisiform
77%
TheTrapezium
77%
HardHamate
77%
CarCapitate
69%
ToTriquetrum
62%
LikesLunate
54%

Score Distribution

Percentile by Number Answered

Percent of People with Each Score

Your Score History

You have not taken this quiz